Hoot. (Record no. 114435)
[ view plain ]
| 000 -LEADER | |
|---|---|
| fixed length control field | 00287nam a2200121 a 4500 |
| 005 - DATE AND TIME OF LATEST TRANSACTION | |
| control field | 20140414132100.0 |
| 008 - FIXED-LENGTH DATA ELEMENTS--GENERAL INFORMATION | |
| fixed length control field | 100921s19uu xx 00 eng d |
| 050 ## - LIBRARY OF CONGRESS CALL NUMBER | |
| Classification number | FIC |
| Item number | H53 2002 |
| 100 ## - MAIN ENTRY--PERSONAL NAME | |
| Personal name | Hiaasen, Carl |
| 245 ## - TITLE STATEMENT | |
| Title | Hoot. |
| 260 ## - PUBLICATION, DISTRIBUTION, ETC. (IMPRINT) | |
| Place of publication, distribution, etc | London : |
| Name of publisher, distributor, etc | Macmillan, |
| Date of publication, distribution, etc | 2002. |
| Withdrawn status | Lost status | Damaged status | Home library | Current library | Shelving location | Date acquired | Total Checkouts | Full call number | Barcode | Date last seen | Price effective from | Koha item type |
|---|---|---|---|---|---|---|---|---|---|---|---|---|
| Munich Library | Munich Library | Fiction Section | 09/21/2010 | FIC H53 2002 | M6262 | 04/14/2014 | 04/14/2014 | Books |